| 000 | 00718cam a2200241 a 4500 | ||
|---|---|---|---|
| 001 | 411 | ||
| 003 | BR-CuiBMT | ||
| 005 | 20231114183718.0 | ||
| 008 | 231106s2022 mgb 000 0 por d | ||
| 020 | _a9786555184235 | ||
| 040 |
_aBR-CuiBMT _cBR-CuiBMT |
||
| 080 |
_22007 _a347.9 |
||
| 090 |
_a347.9 _bC146a |
||
| 100 | 1 | 0 | _aCaldo, Diego Santiago y |
| 245 | 1 | 0 |
_aAções coletivas : _brepresentatividade adequada sob a ótica comparada / _cDiego Santiago Y Caldo ; Kazuo Watanabe prefácio. |
| 260 |
_aBelo Horizonte : _bFórum, _c2022. |
||
| 300 |
_a293 p. ; _c22 cm |
||
| 504 | _aInclui bibliografia. | ||
| 650 | _aDireito | ||
| 650 | _aDireito processual civil | ||
| 650 | _aProcesso seletivo | ||
| 942 |
_2udc _cLV |
||
| 999 |
_c411 _d411 |
||